|
|
|
|
| LEADER |
00000nam2a2200000 4500 |
| 001 |
52655 |
| 005 |
20240821130005.0 |
| 010 |
|
|
|a 9854740668
|
| 035 |
|
|
|a (RuTPU)RU\TPU\book\55195
|
| 090 |
|
|
|a 52655
|
| 100 |
|
|
|a 20030605d2002 m y0rusy50 ca
|
| 101 |
0 |
|
|a rus
|
| 102 |
|
|
|a BY
|
| 105 |
|
|
|a y j 000zy
|
| 200 |
0 |
|
|a Ч. 2: XIX в. - октябрь 1917 г.
|
| 210 |
|
|
|d 2002
|
| 215 |
|
|
|a 416 с.
|
| 461 |
|
1 |
|0 (RuTPU)RU\TPU\book\57084
|y 985-474-077-3
|t Всемирная история
|o Учебное пособие
|o В 3 ч.
|f О. А. Яновский, О. В. Бригадина, П. А. Щупляк и др.
|v Ч. 2: XIX в. - октябрь 1917 г.
|d 2002-
|
| 606 |
1 |
|
|a Всеобщая история
|2 stltpush
|3 (RuTPU)RU\TPU\subj\3762
|
| 606 |
|
|
|a Всеобщая история
|7 ca
|8 rus
|z 16 в. - 1918
|2 stltpush
|3 (RuTPU)RU\TPU\subj\59016
|9 76683
|
| 610 |
1 |
|
|a всемирная история
|
| 610 |
1 |
|
|a 19 век
|
| 610 |
1 |
|
|a 20 век
|
| 610 |
1 |
|
|a Западная Европа
|
| 610 |
1 |
|
|a Россия
|
| 610 |
1 |
|
|a славянские государства
|
| 610 |
1 |
|
|a США
|
| 610 |
1 |
|
|a Латинская Америка
|
| 610 |
1 |
|
|a Америка
|
| 610 |
1 |
|
|a Восток
|
| 610 |
1 |
|
|a Первая мировая война
|
| 610 |
1 |
|
|a Октябрьская революция
|
| 610 |
1 |
|
|a февральская демократическая революция
|
| 610 |
1 |
|
|a двоевластие
|
| 610 |
1 |
|
|a Временное правительство
|
| 610 |
1 |
|
|a Второй Всероссийский съезд Советов
|
| 610 |
1 |
|
|a учебные пособия
|
| 686 |
|
|
|a Т3(0)я73
|v LBC/SL-A
|2 rubbk
|
| 686 |
|
|
|a Т3(0)5я73
|v LBC/SL-A
|2 rubbk
|
| 686 |
|
|
|a Т3(0)6я73
|v LBC/SL-A
|2 rubbk
|
| 801 |
|
1 |
|a RU
|b 63413507
|c 20030605
|g PSBO
|
| 801 |
|
2 |
|a RU
|b 63413507
|c 20230410
|g PSBO
|
| 900 |
|
|
|a Всемирная история
|
| 942 |
|
|
|c BK
|